000 00927 a2200217 4500
001 40780
005 20260407155703.0
008 260407a1973 arg spa d
003 AR-UNSa-BCEJYS
040 _aAR-UNSa-BCEJYS
_bspa
_cAR-UNSa-BCEJYS
080 _a336.226.1
_xImpuestos a las ganancias o los beneficios (Impuesto Diferido)
245 1 0 _aImpuesto a la renta
_pComentario de la Ley de impuesto a los réditos y su decreto reglamentario. Ordenados y actualizados a 1973
264 1 _aBuenos Aires :
_bDepalma
_c1973
300 _axxiii, 695 p.
_c23 cm.
505 _a1. Disposiciones generales - 2. Categoría de ganancias - 3. De las deducciones - 4. Disposiciones especiales - 5. Tasas del impuesto para las personas de existencia visible y sucesiones
041 _aspa
942 _cBK
590 _aniveau_biblio:m niveau_hierar:0
100 1 _aGiuliani Fonrouge, Carlos M.
700 1 _aNavarrine, Susana Camila
999 _c3308
_d3308